Pays par leurs 10 plus grandes villes - Asie - Statistiques

Statistiques générales
  • Ce quiz a été pris 182 fois
  • Le résultat moyen est 6 sur 9
Réponses sur la Carte
Les réponses sont colorées sur une échelle allant du rouge au vert en fonction du pourcentage des utilisateurs qui les ont devinées à leur premier essai. Vous pouvez retrouver ces pourcentages ci-dessous.
 
Statistiques - réponses
Pays % Correct
1 Inde
98%
8 Chine
87%
3 Japon
83%
5 Vietnam
69%
6 Indonésie
67%
7 Pakistan
63%
4 Iran
56%
9 Turquie
56%
2 Arabie Saoudite
50%
Aucun quiz correspondant
Distribution des résultats
% des personnes avec chaque résultat
Percentile par nombre de réponses
Votre historique - résultats
Vous n’avez pas pris ce quiz